| 000 -LEADER |
| fixed length control field |
01672nam a22001577a 4500 |
| 008 - FIXED-LENGTH DATA ELEMENTS--GENERAL INFORMATION |
| fixed length control field |
200916b ||||| |||| 00| 0 eng d |
| 100 ## - MAIN ENTRY--PERSONAL NAME |
| Personal name |
Dey Biswas, S. |
| 245 ## - TITLE STATEMENT |
| Title |
Social citizenship and plural values of land: land acquisition cases from India |
| 260 ## - PUBLICATION, DISTRIBUTION, ETC. (IMPRINT) |
| Place of publication, distribution, etc |
Social Policy and Society |
| 300 ## - PHYSICAL DESCRIPTION |
| Extent |
19(1), Jan 2020. p. 331-342 |
| 520 ## - SUMMARY, ETC. |
| Summary, etc |
In the globalised economy, the value chains of production have crossed national boundaries. As a result, the demand has intensified for land acquisition in order to set up production facilities and infrastructure. This industrialisation proceeded rapidly, and, therefore, a vast area of land had to be acquired, both in the Global South and in the North. This development has led to many conflicts. These conflicts are the result of the inability to understand the plural values of land in the realisation of property rights in social citizenship. This article has considered two land expropriation case study areas in India, Salbani and Singur in West Bengal, as a source of empirical data. The empirical evidence suggests that the straitjacket of monorational property rights discourse, which heavily relies on the absolute ownership and control (via exclusion of others) ignores the different ways in which plural land values shape ideas of social citizenship. There is a need to rediscover the ‘social’ in citizenship to ensure the subordination of market price to the ideals of social justice.- Reproduced |
| 650 ## - SUBJECT ADDED ENTRY--TOPICAL TERM |
| Topical term or geographic name as entry element |
Social citizenship, Social justice, Plural values, Market price and land acquisition |
| 9 (RLIN) |
17761 |
| 773 ## - HOST ITEM ENTRY |
| Main entry heading |
Social Policy and Society |
| 906 ## - LOCAL DATA ELEMENT F, LDF (RLIN) |
| Subject DIP |
LAND ACQUISITION - INDIA |
| 942 ## - ADDED ENTRY ELEMENTS (KOHA) |
| Item type |
Articles |